000 01360nam a2200265Ia 4500
003 Ost
005 20260416102350.0
008 260416s9999||||xx |||||||||||||| ||und||
040 _cfsecg
041 _aara
082 _a658
100 _aبن ديب، عبد الرشيد
_eمؤلف
245 0 _aمحاضرات في مقياس علم التصرف والتنظيم /
_c عبد الرشيد بن ديب
246 _aIntroduction au Management et a l'organisation
260 _aالجزائر
_bجامعة الجزائر3: كلية العلوم الإقتصادية، العلوم التجارية وعلوم التسيير
_c2009
300 _a68 ورقة
_bايضاحات
_c30 سم
504 _aمراجع ص.66
520 _aمفهوم وخصائص علم التسيير، تعميم العملية التسييرية ،الممارسات التسييرية عبر تطور المجتمع البشري، المدرسة الكلاسيكية للتسيير العلمي، مدرسة العلاقات الانسانية
653 _aادارة الاعمال
653 _aالتسيير
653 _aالتنظيم
653 _aالتنظيم الاداري
710 _aجامعة الجزائر3: كلية العلوم الإقتصادية، العلوم التجارية وعلوم التسيير
_eناشر علمي
942 _cHANDOUT
999 _c40961
_d40961